Heidegger for architects (Record no. 353500)
[ view plain ]
| 000 -LEADER | |
|---|---|
| fixed length control field | 01805nam a22003017a 4500 |
| 003 - CONTROL NUMBER IDENTIFIER | |
| control field | OSt |
| 005 - DATE AND TIME OF LATEST TRANSACTION | |
| control field | 20180116192409.0 |
| 008 - FIXED-LENGTH DATA ELEMENTS--GENERAL INFORMATION | |
| fixed length control field | 120719t 2007xxu||||| |||| 00| 0 eng d |
| 020 ## - INTERNATIONAL STANDARD BOOK NUMBER | |
| International Standard Book Number | 9780415415170 |
| 020 ## - INTERNATIONAL STANDARD BOOK NUMBER | |
| International Standard Book Number | 9780203934197 |
| 020 ## - INTERNATIONAL STANDARD BOOK NUMBER | |
| International Standard Book Number | 9780415415156 |
| 020 ## - INTERNATIONAL STANDARD BOOK NUMBER | |
| International Standard Book Number | 0415415179 |
| 020 ## - INTERNATIONAL STANDARD BOOK NUMBER | |
| International Standard Book Number | 0203934199 |
| 020 ## - INTERNATIONAL STANDARD BOOK NUMBER | |
| International Standard Book Number | 0415415152 |
| 040 ## - CATALOGING SOURCE | |
| Transcribing agency | 0 |
| 082 ## - DEWEY DECIMAL CLASSIFICATION NUMBER | |
| Classification number | 193 |
| 100 ## - MAIN ENTRY--PERSONAL NAME | |
| Personal name | Sharr, Adam. |
| 9 (RLIN) | 5641 |
| 245 ## - TITLE STATEMENT | |
| Title | Heidegger for architects |
| Statement of responsibility, etc. | Adam Sharr. |
| 260 ## - PUBLICATION, DISTRIBUTION, ETC. | |
| Place of publication, distribution, etc. | London : |
| Name of publisher, distributor, etc. | Routledge ; |
| Date of publication, distribution, etc. | 2007. |
| 300 ## - PHYSICAL DESCRIPTION | |
| Extent | 128 p. : |
| Other physical details | ill ; |
| Dimensions | 21 cm. |
| 440 ## - SERIES STATEMENT/ADDED ENTRY--TITLE | |
| Title | Thinkers for architects. |
| 9 (RLIN) | 5642 |
| 520 ## - SUMMARY, ETC. | |
| Summary, etc. | Informing the designs of architects as diverse as Peter Zumthor, Steven Holl, Hans Scharoun and Colin St. John Wilson, the work of Martin Heidegger has proved of great interest to architects and architectural theorists. The first introduction to Heidegger’s philosophy written specifically for architects and students of architecture introduces key themes in his thinking, which has proved highly influential among architects as well as architectural historians and theorists. This guide familiarizes readers with significant texts and helps to decodes terms as well as providing quick referencing for further reading. This concise introduction is ideal for students of architecture in design studio at all levels; students of architecture pursuing undergraduate and postgraduate courses in architectural theory; academics and interested architectural practitioners. Heidegger for Architects is the second book in the new Thinkers for Architects series. |
| 600 ## - SUBJECT ADDED ENTRY--PERSONAL NAME | |
| Personal name | Heidegger, Martin |
| Dates associated with a name | 1889-1976 |
| 9 (RLIN) | 5643 |
| 650 ## - SUBJECT ADDED ENTRY--TOPICAL TERM | |
| Topical term or geographic name entry element | Architecture |
| General subdivision | Philosophy |
| 9 (RLIN) | 5644 |
| 830 #0 - SERIES ADDED ENTRY--UNIFORM TITLE | |
| Uniform title | Thinkers for architects. |
| 9 (RLIN) | 5645 |
| 942 ## - ADDED ENTRY ELEMENTS (KOHA) | |
| Source of classification or shelving scheme | |
| Koha item type | Book |
| Withdrawn status | Lost status | Source of classification or shelving scheme | Damaged status | Not for loan | Permanent Location | Current Location | Date acquired | Total Checkouts | Total Renewals | Full call number | Barcode | Date last seen | Date last checked out | Cost, replacement price | Price effective from | Koha item type |
|---|---|---|---|---|---|---|---|---|---|---|---|---|---|---|---|---|
| School of Art Design and Architecture (SADA) | School of Art Design and Architecture (SADA) | 07/11/2012 | 26 | 12 | 193 SHA 2007 | SADA0001699 | 03/27/2025 | 03/20/2025 | 1705.00 | 07/19/2012 | Book |
